Ideology as a determinant of economic systems : (Record no. 124925)
[ view plain ]
| 000 -LEADER | |
|---|---|
| fixed length control field | 01294cam a2200385 a 4500 |
| 001 - CONTROL NUMBER | |
| control field | 783767 |
| 003 - CONTROL NUMBER IDENTIFIER | |
| control field | ARRUPE |
| 005 - DATE AND TIME OF LATEST TRANSACTION | |
| control field | 20160811120950.0 |
| 008 - FIXED-LENGTH DATA ELEMENTS--GENERAL INFORMATION | |
| fixed length control field | 890927s1989 sw a b 000 0 eng |
| 010 ## - LIBRARY OF CONGRESS CONTROL NUMBER | |
| LC control number | 89202204 |
| 020 ## - INTERNATIONAL STANDARD BOOK NUMBER | |
| International Standard Book Number | 9171062912 |
| 035 ## - SYSTEM CONTROL NUMBER | |
| System control number | (OCoLC)20336827 |
| 035 ## - SYSTEM CONTROL NUMBER | |
| System control number | (OCoLC)ocm20336827 |
| 035 ## - SYSTEM CONTROL NUMBER | |
| System control number | (CStRLIN)NYCG89-B69804 |
| 035 ## - SYSTEM CONTROL NUMBER | |
| System control number | (NNC)783767 |
| 040 ## - CATALOGING SOURCE | |
| Original cataloging agency | DLC |
| Transcribing agency | DLC |
| Modifying agency | DLC |
| 043 ## - GEOGRAPHIC AREA CODE | |
| Geographic area code | f-tz--- |
| 050 00 - LIBRARY OF CONGRESS CALL NUMBER | |
| Classification number | DT1 |
| Item number | .N64 no. 84 |
| Classification number | HX448.5.A6 |
| 082 00 - DEWEY DECIMAL CLASSIFICATION NUMBER | |
| Classification number | 320.5/31/09678 |
| Edition number | 20 |
| 090 ## - LOCALLY ASSIGNED LC-TYPE CALL NUMBER (OCLC); LOCAL CALL NUMBER (OCLC) | |
| Classification number (OCLC) (R) ; Classification number, CALL (RLIN) (NR) | DT1 |
| Local cutter number (OCLC) ; Book number/undivided call number, CALL (RLIN) | .N64 no. 84 |
| 300 ## - PHYSICAL DESCRIPTION | |
| Other physical details | ill. ; |
| Dimensions | 25 cm. |
| 100 1# - MAIN ENTRY--PERSONAL NAME | |
| Personal name | Hedlund, Stefan, |
| Dates associated with a name | 1953- |
| 9 (RLIN) | 24831 |
| 245 10 - TITLE STATEMENT | |
| Title | Ideology as a determinant of economic systems : |
| Remainder of title | Nyerere and ujamaa in Tanzania / |
| Statement of responsibility, etc | Stefan Hedlund, Mats Lundahl. |
| 260 ## - PUBLICATION, DISTRIBUTION, ETC. (IMPRINT) | |
| Place of publication, distribution, etc | Uppsala : |
| Name of publisher, distributor, etc | Scandinavian Institute of African Studies, |
| Date of publication, distribution, etc | 1989. |
| 300 ## - PHYSICAL DESCRIPTION | |
| Extent | 54 p. : |
| 490 1# - SERIES STATEMENT | |
| Series statement | Research report, |
| International Standard Serial Number | 0080-6714 ; |
| Volume number/sequential designation | 84 |
| 504 ## - BIBLIOGRAPHY, ETC. NOTE | |
| Bibliography, etc | Includes bibliographical references (p. 53-54). |
| 650 #0 - SUBJECT ADDED ENTRY--TOPICAL TERM | |
| Topical term or geographic name as entry element | Socialism |
| Geographic subdivision | Tanzania. |
| 9 (RLIN) | 24832 |
| 650 #0 - SUBJECT ADDED ENTRY--TOPICAL TERM | |
| Topical term or geographic name as entry element | Rural development |
| Geographic subdivision | Tanzania. |
| 9 (RLIN) | 5321 |
| 650 #0 - SUBJECT ADDED ENTRY--TOPICAL TERM | |
| Topical term or geographic name as entry element | Ideology. |
| 9 (RLIN) | 9080 |
| 651 #0 - SUBJECT ADDED ENTRY--GEOGRAPHIC NAME | |
| Geographic name | Tanzania |
| General subdivision | Economic policy. |
| 9 (RLIN) | 24833 |
| 700 1# - ADDED ENTRY--PERSONAL NAME | |
| Personal name | Lundahl, Mats, |
| Dates associated with a name | 1946- |
| 9 (RLIN) | 24834 |
| 830 #0 - SERIES ADDED ENTRY--UNIFORM TITLE | |
| Uniform title | Research report (Nordiska Afrikainstitutet) ; |
| Volume number/sequential designation | no. 84. |
| 9 (RLIN) | 24835 |
| 942 ## - ADDED ENTRY ELEMENTS (KOHA) | |
| Source of classification or shelving scheme | Library of Congress Classification |
| Koha item type | Monograph ( Printed materials) |
| Withdrawn status | Lost status | Source of classification or shelving scheme | Damaged status | Not for loan | Collection code | Home library | Current library | Shelving location | Date acquired | Total Checkouts | Full call number | Barcode | Date last seen | Date checked out | Price effective from | Koha item type |
|---|---|---|---|---|---|---|---|---|---|---|---|---|---|---|---|---|
| Library of Congress Classification | Main Collection | ARRUPE LIBRARY | ARRUPE LIBRARY | Main Collection | 11/08/2016 | 1 | HX448.5.A6 I19 | 46500010449 | 30/04/2018 | 28/08/2017 | 11/08/2016 | Monograph ( Printed materials) |